| 000 | 00000nam##2200000za#4500 |
| 001 | 9.580418 |
| 003 | CaOODSP |
| 005 | 20210624191028 |
| 007 | cr ||||||||||| |
| 008 | 150406|1981||||xxc|||||o f|0| 0 eng|d |
| 040 | |aCaOODSP|beng |
| 043 | |an-cn--- |
| 086 | 1 |aFs97-13/288E-PDF |
| 110 | 1 |aCanada. |bDepartment of Fisheries and Oceans. |
| 245 | 10|aRockfish Tagging Cruises off Southwest Vancouver Island (M/V Ocean King) and off Northwest Vancouver Island and in Queen Charlotte Sound (M/V Blue Waters) during 1980 / |h[electronic resource]|cby W. Shaw ... [et al.] |
| 260 | |aNanaimo - British Columbia : |bFisheries and Oceans Canada |c1981. |
| 300 | |a140p.|bfigs., references, tables |
| 490 | 1 |aCanadian data report of fisheries and aquatic sciences|vNo. 288 |
| 500 | |aFile reproduced from original print. On t. p.: Pacific Biological Station, Nanaimo, British Columbia. The catalogue number and ISSN for the print edition appear in the PDF version. |
| 546 | |a(Résumé en français) |
| 590 | |a14-15-Supp|b2014-09-04 |
| 720 | 1 |aShaw, W. |
| 830 | #0|aCanadian data report of fisheries and aquatic sciences ;|vNo. 288|w(CaOODSP)9.505124 |
| 856 | 40|ahttp://publications.gc.ca|qPDF|s1552 KB|uhttps://publications.gc.ca/collections/collection_2014/mpo-dfo/Fs97-13-288-eng.pdf|yNo. 288 |